000 00917nam a2200253 a 4500
001 000008932
005 20240412074208.0
008 090921s1953 dr r 000 0 spa d
040 _aDO-SdBNP
_bspa
_cBNPHU
082 _aRD861.008
_bM378m
245 1 0 _aMartí y Máximo Gómez en la poesía dominicana /
_ccompilador Emilio Rodríguez Demorizi.
260 _aCuidad Trujillo, República Dominicana :
_bMontalvo,
_c1953.
300 _a205 p.
500 _aIncluye índice de personas y lugares.
590 _aInventariado, 2019/BT
600 1 0 _aGómez, Máximo,
_d1836-1905
_912249
600 4 _aMARTÍ, JOSÉ,
_d1853-1895
_xPOESÍAS
_923230
650 4 _aPoesía cubana
_95226
650 0 _aPoesía dominicana
_966
650 4 _aLiteratura cubana
_91483
650 0 _aLiteratura dominicana.
_967
700 1 _aRodríguez Demorizi, Emilio,
_d1908-1986
_ecomp.
_91039
910 _aValidado. Control de calidad. MMOLINA
999 _c8698
_d8698